000 00886nam a22002175i 4500
001 176722
003 ES-MaACL
005 20230906220152.0
008 110203s1959 fr |||| | fre d
080 _a631.1
245 0 0 _aSystèmes nationaux de certification des semences
_b: projet nº 215.
260 _a[Paris] :
_bAgence Européenne de Productivité, Organisation Européenne de Coopération Économique,
_c1959.
300 _a104 p. ;
_c27 cm.
490 1 _aAlimentation et agriculture documentation. Série 1959 ;
_v3
546 _aTexto en francés.
650 0 4 _aSemillas-
_xCertificación.
_9145024
710 0 _aOrganización de Cooperación y Desarrollo Económico.
_bAgencia Europea de Productividad.
_96056
830 0 _aAlimentation et agriculture documentation. Série 1959 ;
_v3
_9190202
852 _aES-MaACL
_jE-14181
_xOlim P-969-bis
999 _c176722
_d176722